| 000 | 00788 a2200217 4500 | ||
|---|---|---|---|
| 001 | 30285 | ||
| 005 | 20260407155614.0 | ||
| 008 | 260407a1978 arg spa d | ||
| 003 | AR-UNSa-BCEJYS | ||
| 040 |
_aAR-UNSa-BCEJYS _bspa _cAR-UNSa-BCEJYS |
||
| 080 |
_a657.6 _xAuditoria (control interno) |
||
| 245 | 1 | 0 | _aAuditoría compendio de casos prácticos |
| 264 | 1 |
_aBuenos Aires : _bTesis _c1978 |
|
| 300 |
_a238 p. _c22 cm. |
||
| 505 | _a1. Normas de auditoría interna - 2. Normas de auditoría generalmente aceptadas - 3. Papeles de trabajo - 4. Control interno - 5. Planificación de la auditoría y Otros...... | ||
| 942 | _cBK | ||
| 590 | _aniveau_biblio:m niveau_hierar:0 | ||
| 100 | 1 | _aElizalde, Oscar E. | |
| 700 | 1 | _aMartinez, Ada Beatriz | |
| 700 | 1 | _aBaños, Osvaldo Héctor | |
| 999 |
_c2083 _d2083 |
||